MyGZULibrary

Effective crisis communication : (Record no. 3088)

MARC details
000 -LEADER
fixed length control field 01471cam a22003738i 4500
001 - CONTROL NUMBER
control field 17843955
003 - CONTROL NUMBER IDENTIFIER
control field GZU
005 - DATE AND TIME OF LATEST TRANSACTION
control field 20201117095903.0
008 - FIXED-LENGTH DATA ELEMENTS--GENERAL INFORMATION
fixed length control field 130808s2015 cau b 001 0 eng
010 ## - LIBRARY OF CONGRESS CONTROL NUMBER
LC control number 2013032048
020 ## - INTERNATIONAL STANDARD BOOK NUMBER
International Standard Book Number 9781452257518 (pbk.)
040 ## - CATALOGING SOURCE
Original cataloging agency DLC
Language of cataloging eng
Transcribing agency DLC
Description conventions rda
Modifying agency DLC
042 ## - AUTHENTICATION CODE
Authentication code pcc
050 00 - LIBRARY OF CONGRESS CALL NUMBER
Classification number HD49
Item number .ULM 2015
082 00 - DEWEY DECIMAL CLASSIFICATION NUMBER
Classification number 658.4/77
Edition number 23
100 1# - MAIN ENTRY--PERSONAL NAME
Personal name Ulmer, Robert R.,
Dates associated with a name 1969-
245 10 - TITLE STATEMENT
Title Effective crisis communication :
Remainder of title moving from crisis to opportunity /
Statement of responsibility, etc. Robert R. Ulmer, University of Arkansas at Little Rock, Timothy L. Sellnow, University of Kentucky, Matthew W. Seeger, Wayne State University.
250 ## - EDITION STATEMENT
Edition statement 3 edition.
264 #1 - PRODUCTION, PUBLICATION, DISTRIBUTION, MANUFACTURE, AND COPYRIGHT NOTICE
Place of production, publication, distribution, manufacture Thousand Oaks, CA :
Name of producer, publisher, distributor, manufacturer SAGE,
Date of production, publication, distribution, manufacture, or copyright notice [2015]
300 ## - PHYSICAL DESCRIPTION
Extent xvii, 250 pages ;
Dimensions 23 cm
336 ## - CONTENT TYPE
Content type term text
Source rdacontent
337 ## - MEDIA TYPE
Media type term unmediated
Source rdamedia
338 ## - CARRIER TYPE
Carrier type term volume
Source rdacarrier
504 ## - BIBLIOGRAPHY, ETC. NOTE
Bibliography, etc. note Includes bibliographical references and index.
650 #0 - SUBJECT ADDED ENTRY--TOPICAL TERM
Topical term or geographic name entry element Crisis management.
650 #0 - SUBJECT ADDED ENTRY--TOPICAL TERM
Topical term or geographic name entry element Emergency management.
650 #0 - SUBJECT ADDED ENTRY--TOPICAL TERM
Topical term or geographic name entry element Communication in management.
650 #0 - SUBJECT ADDED ENTRY--TOPICAL TERM
Topical term or geographic name entry element Communication in organizations.
700 1# - ADDED ENTRY--PERSONAL NAME
Personal name Sellnow, Timothy L.
Fuller form of name (Timothy Lester),
Dates associated with a name 1960-
700 1# - ADDED ENTRY--PERSONAL NAME
Personal name Seeger, Matthew W.
Fuller form of name (Matthew Wayne),
Dates associated with a name 1957-
906 ## - LOCAL DATA ELEMENT F, LDF (RLIN)
a 7
b cbc
c orignew
d 1
e ecip
f 20
g y-gencatlg
942 ## - ADDED ENTRY ELEMENTS (KOHA)
Source of classification or shelving scheme Library of Congress Classification
Koha item type Books
Edition 3rd ed.
Classification part 49
Item part ULM
Call number prefix HD
Holdings
Withdrawn status Lost status Damaged status Not for loan Collection code Home library Current library Shelving location Date acquired Total Checkouts Full call number Barcode Date last seen Copy number Price effective from Koha item type
        Non-fiction City Campus Library City Campus Library General Stacks 11/17/2020   HD 49 ULM 2015 028850 11/17/2020 c.1 11/17/2020 Books